Clase trabajadora y organización sindical en Costa Rica 1948 - 1971 /
Αποθηκεύτηκε σε:
| Κύριος συγγραφέας: | |
|---|---|
| Μορφή: | Thesis |
| Γλώσσα: | Spanish |
| Έκδοση: |
San José:
Universidad de Costa Rica
1987
|
| Ετικέτες: |
Προσθήκη ετικέτας
Δεν υπάρχουν, Καταχωρήστε ετικέτα πρώτοι!
|
MARC
| LEADER | 00000 a a2200000 04500 | ||
|---|---|---|---|
| 001 | 22399 | ||
| 003 | cru IIS | ||
| 005 | 20210924131157.0 | ||
| 008 | 210903b1987 cr ||||| |||| 00| 0 spa d | ||
| 040 | |a CRAI/IIS |c CRAI/IIS | ||
| 090 | |a 13.06.01 A283c | ||
| 100 | |a Aguilar Fernández, María de los Angeles | ||
| 245 | |a Clase trabajadora y organización sindical en Costa Rica 1948 - 1971 / |c María de los Angeles Aguilar Fernández | ||
| 260 | |a San José: |b Universidad de Costa Rica |c 1987 | ||
| 300 | |a 261 p |b **no definido** | ||
| 502 | |a Tesis (Magister Scientiae) -- Universidad de Costa Rica, 2987 | ||
| 650 | 0 | 7 | |0 TESAUROS |
| 942 | |2 z |c LI |h 13.06.01 A283c |i 21573 |6 130601_A283C_21573 | ||
| 999 | |c 18117 |d 18117 | ||
